| 000 | 00584pam a2200181 a 4500 | ||
|---|---|---|---|
| 020 | _a0853122814 : | ||
| 082 | 0 | 0 |
_a620.1 _bEDM _cL-5, P-74 |
| 100 | 1 |
_aEdmunds, H. G. _940632 |
|
| 245 | 1 | 0 |
_aMechanical foundations of engineering science / _cH.G. Edmunds. |
| 260 |
_aChichester, West Sussex, England : _bE. Horwood ; _aNew York : _bHalsted Press, _c1981. |
||
| 300 |
_a429 p. : _bill. ; _c24 cm. |
||
| 500 | _aIncludes index. | ||
| 526 |
_a0 _b0 _c0 _d620_100000000000000_EDM |
||
| 650 | 0 | _aEngineering. | |
| 650 | 0 |
_aMCE _9379 |
|
| 650 | 0 |
_aMechanics, Applied. _913090 |
|
| 942 |
_2ddc _cBK |
||
| 999 |
_c544887 _d544887 |
||